000 00368nam a22001337a 4500
003 SGT
082 _a617.643
_bL14G
100 _aEKTA, GUPTA
245 _aLIP AND CHEEK PRESSURE ASSESSMENT AND ITS ROLE IN VARIOUS MALOCCLUSION AN IN VIVO STUDY
260 _aDELHI NCR
_bSGT UNIVERSITY GURUGRAM
_c2014
300 _a1-62
650 _aORTHODONTICS
942 _2ddc
_cTH
999 _c17459
_d17459